000 01263cab a2200205 4500
001 ##L136196
008 070117n2006 000 0 eng u
035 _a(Sirsi) u136196
041 0 _aeng
100 1 _aMeall, Lesley
245 0 0 _aBuilding on IT
260 _c2006
490 0 _aAccountancy
_v138(1360) December 2006, 67-68(2)
520 _aDiscusses the difficulties of complying with the new Construction Industry Scheme (CIS) without the help of specialist software. As the new CIS introduces key changes, it is unlikely that current software or systems will be able to cope. For example, the Revenue will not allow CIS returns to be done via a spreadsheet because the new CIS is accounts payable rather than payroll. Warns contractors against modifying their current IT systems to meet the changes and advises using software suppliers who have upgraded their accounting software to meet requirements (details of these can be found on the BASDA website at www.basda.org). Also highlights the lengthy task of contractors matching the data they hold on subcontractors with that held by the Revenue.
590 _aKA
650 2 4 _aCONSTRUCTION INDUSTRY SCHEME
651 4 _aUnited Kingdom
_y
690 _aConstruction management
_96230
942 _n0
999 _c78185
_d78185